Fr. Conceicao Rodrigues College of Engineering

Introduction to Algorithms (Record no. 27904)

MARC details
000 -LEADER
fixed length control field 00374nam a2200181Ia 4500
082 ## - DEWEY DECIMAL CLASSIFICATION NUMBER
Classification number 5.1
Item number COR
100 ## - MAIN ENTRY--PERSONAL NAME
Personal name Cormen/Thomas H
250 ## - EDITION STATEMENT
Edition statement 3
245 ## - TITLE STATEMENT
Title Introduction to Algorithms
260 ## - PUBLICATION, DISTRIBUTION, ETC.
Name of publisher, distributor, etc. Prentice Hall of India
Date of publication, distribution, etc. 2009
366 ## - TRADE AVAILABILITY INFORMATION
Publishers's discount category 25
300 ## - PHYSICAL DESCRIPTION
Extent 1292
546 ## - LANGUAGE NOTE
Language note ENGLISH
650 ## - SUBJECT ADDED ENTRY--TOPICAL TERM
Topical term or geographic name entry element Algorithms
654 ## - SUBJECT ADDED ENTRY--FACETED TOPICAL TERMS
Focus term algorithms
942 ## - ADDED ENTRY ELEMENTS (KOHA)
Koha item type BOOK
Holdings
Withdrawn status Lost status Damaged status Not for loan Collection Home library Current library Date acquired Source of acquisition Cost, normal purchase price Inventory number Total Checkouts Full call number Barcode Date due Date last seen Date last checked out Cost, replacement price Price effective from Koha item type
        CRC Fr. Agnel's C.Rodrigues College of Engineering AGNEL TECHNICAL COLLEGE LIBRARY 17/03/2023 Allied Publisher 1271.25 532 dt 25.09.2018 4 5.1 COR 25376 15/02/2025 05/02/2025 05/02/2025 1695.00   BOOK
        CRC Fr. Agnel's C.Rodrigues College of Engineering Fr. Agnel's C.Rodrigues College of Engineering 17/03/2023 Allied Publisher 1271.25 532 dt 25.09.2018 3 5.1 COR 25377   03/04/2024 28/02/2024 1695.00   BOOK
        CRC Fr. Agnel's C.Rodrigues College of Engineering Fr. Agnel's C.Rodrigues College of Engineering 17/03/2023 Allied Publisher 1271.25 532 dt 25.09.2018   5.1 COR 25378   17/03/2023   1695.00   BOOK
        CRC Fr. Agnel's C.Rodrigues College of Engineering Fr. Agnel's C.Rodrigues College of Engineering 17/03/2023 Allied Publisher 1271.25 532 dt 25.09.2018 3 5.1 COR 25379   17/04/2026 05/02/2025 1695.00   BOOK
        CRC Fr. Agnel's C.Rodrigues College of Engineering Fr. Agnel's C.Rodrigues College of Engineering 17/03/2023 Allied Publisher 1271.25 532 dt 25.09.2018   5.1 COR 25380   17/03/2023   1695.00   BOOK